[Event "World Blitz Women 2025"]
[Site "Doha QAT"]
[Date "2025.12.29"]
[Round "8.33"]
[White "Vaishali, Rameshbabu"]
[Black "Bodnaruk, Anastasia"]
[Result "1-0"]
[WhiteTitle "GM"]
[BlackTitle "IM"]
[WhiteElo "2473"]
[BlackElo "2357"]
[WhiteFideId "5091756"]
[BlackFideId "4181751"]
[EventDate "2025.12.29"]

1. d4 Nf6 2. Nf3 g6 3. Bg5 Bg7 4. Nbd2 O-O 5. e4 d5 6. e5 Ne4 7. Bd3 Nxg5 8.
Nxg5 c5 9. f4 c4 10. Be2 f6 11. Ngf3 Nc6 12. c3 fxe5 13. fxe5 Bh6 14. O-O e6 15.
Kh1 Ne7 16. g4 Bf4 17. Rf2 Bd7 18. Nf1 g5 19. Ng3 Bxg3 20. hxg3 Nc6 21. Qd2 h6
22. Bd1 Qe7 23. Bc2 Qg7 24. Raf1 Be8 25. b3 b5 26. bxc4 bxc4 27. Ba4 Rc8 28. Kg1
Bg6 29. Bc2 Qh7 30. Bxg6 Qxg6 31. Qd1 Ne7 32. Qa4 Qe4 33. Qd7 Rce8 34. Qxe6+ Kg7
35. Qd6 Qxg4 36. e6 Nf5 37. Qe5+ Kg6 38. Nh2 Qh3 39. g4 Nh4 40. Rf6+ Kh7 41.
Rf7+ Rxf7 42. Rxf7+ Kg8 43. Qg7# 1-0

[Event "World Blitz Women 2025"]
[Site "Doha QAT"]
[Date "2025.12.29"]
[Round "8.34"]
[White "Kiolbasa, Oliwia"]
[Black "Dronavalli, Harika"]
[Result "1-0"]
[WhiteTitle "IM"]
[BlackTitle "GM"]
[WhiteElo "2397"]
[BlackElo "2466"]
[WhiteFideId "1154613"]
[BlackFideId "5015197"]
[EventDate "2025.12.29"]

1. e4 e6 2. b3 d5 3. Bb2 Nf6 4. Nc3 d4 5. Nce2 c5 6. Ng3 Nc6 7. f4 h5 8. h4 g6
9. Qf3 Be7 10. O-O-O Qa5 11. Kb1 Bd7 12. Nh3 O-O-O 13. Ng5 Rhf8 14. e5 Nd5 15.
N3e4 Kb8 16. c4 Ka8 17. cxd5 exd5 18. Nf2 c4 19. bxc4 dxc4 20. Bxc4 Bf5+ 21. d3
Ba3 22. Qe2 Nb4 23. Bxa3 Qxa3 24. Qb2 Qa5 25. Nxf7 Rc8 26. Nd6 Rc6 27. Nxf5 gxf5
28. a3 Rb6 29. axb4 Rxb4 30. Bb3 Qb5 31. Ka2 a5 32. Qa3 a4 33. Bc4 Rxc4 34. dxc4
Qxc4+ 35. Ka1 Rd8 36. Rc1 Qa6 37. Rhd1 Rd5 38. Nd3 Rb5 39. Nc5 Qb6 40. Nd3 Kb8
41. Rb1 Rb3 42. Rxb3 axb3 43. Kb2 Qb5 44. Qxb3 1-0

[Event "World Blitz Women 2025"]
[Site "Doha QAT"]
[Date "2025.12.29"]
[Round "8.35"]
[White "Bivol, Alina"]
[Black "Kulon, Klaudia"]
[Result "1/2-1/2"]
[WhiteTitle "IM"]
[BlackTitle "IM"]
[WhiteElo "2360"]
[BlackElo "2335"]
[WhiteFideId "4100123"]
[BlackFideId "1131044"]
[EventDate "2025.12.29"]

1. e4 e5 2. Nf3 Nc6 3. Nc3 Nf6 4. h3 g6 5. Bc4 Bg7 6. d3 h6 7. a3 d6 8. O-O O-O
9. Be3 Be6 10. Qd2 Kh7 11. Bb5 d5 12. Bxc6 bxc6 13. Nxe5 d4 14. Nxc6 dxe3 15.
fxe3 Qe8 16. Nd4 c5 17. Nf3 Rd8 18. Rab1 Bc8 19. Qf2 c4 20. e5 Nd7 21. d4 f6 22.
exf6 Nxf6 23. Qe2 Bb7 24. Rbe1 Bxf3 25. Rxf3 Qc6 26. Ref1 Rb8 27. e4 Nh5 28. e5
Rxf3 29. Rxf3 g5 30. d5 Qb6+ 31. Kh2 Qd4 32. Rf7 Nf4 33. Qe1 Kg8 34. e6 Nxd5 35.
Nxd5 Qxd5 36. Rxa7 Re8 37. e7 Bxb2 38. Kh1 Bf6 39. a4 Kf7 40. a5 Rxe7 41. Rxe7+
Bxe7 42. a6 Bc5 43. Qa1 Qd4 44. Qf1+ Kg6 45. Qe1 Kg7 46. Qb1 Bb6 47. Qe1 Qe3 48.
Qd1 Bd4 49. Qb1 Qe6 50. Qf1 Qxa6 51. h4 gxh4 52. Qf5 Qf6 53. Qg4+ Kh7 54. Qe4+
Kg8 55. Qd5+ Kf8 56. Qxc4 Be5 57. Qc5+ Bd6 58. Qe3 Qg5 59. Qf3+ Kg7 60. Qc3+ Be5
61. Qe1 Qf4 62. Kg1 h3 63. gxh3 Qh2+ 64. Kf1 Qxh3+ 65. Ke2 Qg4+ 66. Kd3 Qd4+ 67.
Ke2 Bf4 68. Qf2 Qe4+ 69. Kf1 h5 70. Qg2+ 1/2-1/2

[Event "World Blitz Women 2025"]
[Site "Doha QAT"]
[Date "2025.12.29"]
[Round "8.36"]
[White "Nguyen Hong Anh"]
[Black "Maltsevskaya, Aleksandra"]
[Result "0-1"]
[WhiteTitle "WIM"]
[BlackTitle "IM"]
[WhiteElo "2010"]
[BlackElo "2398"]
[WhiteFideId "12406732"]
[BlackFideId "24174041"]
[EventDate "2025.12.29"]

1. d4 Nf6 2. c4 g6 3. Nf3 Bg7 4. g3 d6 5. Bg2 O-O 6. O-O Nbd7 7. Nc3 e5 8. e4
exd4 9. Nxd4 Nc5 10. h3 Re8 11. Re1 Bd7 12. Qc2 a5 13. Be3 Qc8 14. Kh2 h5 15.
Rad1 a4 16. Bg5 Nh7 17. Be3 c6 18. Nf3 Nf6 19. Bxc5 dxc5 20. Nxa4 Qc7 21. Nxc5
b6 22. Nxd7 Nxd7 23. b3 Nc5 24. e5 Ne6 25. Re2 Rad8 26. Red2 c5 27. Qe4 Qa7 28.
a4 Qb8 29. Rd5 Nc7 30. Rd6 Bf8 31. Rxd8 Rxd8 32. Rxd8 Qxd8 33. h4 Qd1 34. Qc6
Ne6 35. Ng5 Nxg5 36. hxg5 Qe2 37. Qf6 Bg7 38. Qf4 Bxe5 39. Qf3 Qd2 40. Kg1 Bd4
41. Qf4 Qd1+ 42. Kh2 Qe2 43. Kg1 Qe1+ 44. Bf1 Qd1 45. Qb8+ Kg7 46. Qxb6 Qf3 47.
Bg2 Qxf2+ 48. Kh2 Be5 49. Qc6 Qxg3+ 50. Kg1 Qe1+ 51. Bf1 Bd4+ 52. Kg2 Qf2+ 0-1

[Event "World Blitz Women 2025"]
[Site "Doha QAT"]
[Date "2025.12.29"]
[Round "8.37"]
[White "Mkrtchyan, Mariam"]
[Black "Munkhzul, Turmunkh"]
[Result "0-1"]
[WhiteTitle "WIM"]
[BlackTitle "WGM"]
[WhiteElo "2353"]
[BlackElo "2271"]
[WhiteFideId "13310828"]
[BlackFideId "4901878"]
[EventDate "2025.12.29"]

1. d4 Nf6 2. c4 g6 3. g3 Bg7 4. Bg2 O-O 5. Nc3 d6 6. Nf3 Nc6 7. d5 Na5 8. b3 c5
9. O-O a6 10. Bb2 Rb8 11. a4 Ne4 12. Qc2 Bf5 13. g4 Ng3 14. gxf5 Nxf1 15. Rxf1
gxf5 16. Nd2 e6 17. Rd1 Qg5 18. Nf3 Qe7 19. e4 f4 20. e5 dxe5 21. d6 Qd8 22. Ne4
b6 23. Bxe5 f6 24. Bc3 Nc6 25. Ned2 Qxd6 26. Ne4 Qc7 27. Bh3 e5 28. Kh1 Nd4 29.
Bxd4 cxd4 30. Be6+ Kh8 31. Rg1 f5 32. Neg5 e4 33. Nh4 d3 34. Qd1 f3 35. Bxf5 Qf4
36. Ne6 Qxh4 37. Rxg7 Rxf5 38. Qg1 Rh5 39. Rd7 Qf6 40. Qg3 Qa1+ 41. Qg1 Qxg1+
42. Kxg1 Rg8+ 43. Kh1 e3 44. fxe3 f2 45. Rf7 Rg1# 0-1

[Event "World Blitz Women 2025"]
[Site "Doha QAT"]
[Date "2025.12.29"]
[Round "8.38"]
[White "Zhu, Chen"]
[Black "Rodriguez Redondo, Adhara"]
[Result "1-0"]
[WhiteTitle "GM"]
[BlackTitle "WFM"]
[WhiteElo "2423"]
[BlackElo "2207"]
[WhiteFideId "8600546"]
[BlackFideId "32065698"]
[EventDate "2025.12.29"]

1. c4 e6 2. d4 d5 3. Nc3 Nf6 4. cxd5 exd5 5. Bg5 h6 6. Bxf6 gxf6 7. e3 c6 8. g3
h5 9. h4 Bg4 10. Be2 Qd7 11. Bxg4 hxg4 12. a3 Bd6 13. Nge2 Na6 14. Qc2 Nc7 15.
Kf1 O-O-O 16. b4 Kb8 17. Rb1 f5 18. a4 Ne8 19. b5 cxb5 20. Nxb5 a6 21. Nbc3 Nf6
22. Qd3 Ka7 23. Kg2 Bc7 24. Rb3 Ne4 25. Rhb1 Rb8 26. Qc2 Rh6 27. Nxe4 fxe4 28.
Qc5+ Ka8 29. a5 Rc6 30. Qb4 Bd6 31. Qa4 Qc7 32. Rb6 Rc4 33. Qa2 Rc2 34. Qxd5
Rxe2 35. Rxa6# 1-0

[Event "World Blitz Women 2025"]
[Site "Doha QAT"]
[Date "2025.12.29"]
[Round "8.39"]
[White "Kamalidenova, Meruert"]
[Black "Zhapova, Yana"]
[Result "1-0"]
[WhiteTitle "IM"]
[BlackTitle "FM"]
[WhiteElo "2366"]
[BlackElo "2260"]
[WhiteFideId "13712802"]
[BlackFideId "24278670"]
[EventDate "2025.12.29"]

1. e4 e5 2. Nf3 Nc6 3. Bb5 a6 4. Ba4 Nf6 5. O-O b5 6. Bb3 Be7 7. Re1 d6 8. c3
O-O 9. d3 h6 10. Nbd2 Re8 11. Nf1 Bf8 12. h3 Na5 13. Bc2 c5 14. Ng3 Nc6 15. d4
Qc7 16. Be3 Bb7 17. Rc1 Rad8 18. d5 Ne7 19. b3 g6 20. Qd2 Kh7 21. Nh2 Bg7 22. h4
Bc8 23. c4 b4 24. f4 exf4 25. Bxf4 Nd7 26. Ng4 Ng8 27. h5 Ne5 28. Bxe5 Bxe5 29.
Nxe5 Rxe5 30. hxg6+ fxg6 31. Rf1 h5 32. Rf4 Nh6 33. Rcf1 Rde8 34. Rf6 R8e7 35.
Qf4 Bd7 36. Rf8 Be8 37. Rh8+ Kxh8 38. Qxh6+ 1-0

[Event "World Blitz Women 2025"]
[Site "Doha QAT"]
[Date "2025.12.29"]
[Round "8.40"]
[White "Kosteniuk, Alexandra"]
[Black "Kurmangaliyeva, Liya"]
[Result "1-0"]
[WhiteTitle "GM"]
[BlackTitle "FM"]
[WhiteElo "2483"]
[BlackElo "2339"]
[WhiteFideId "4128125"]
[BlackFideId "13725831"]
[EventDate "2025.12.29"]

1. e4 d6 2. d4 g6 3. Nc3 Bg7 4. Be3 c6 5. a4 Nf6 6. Nf3 O-O 7. Bd3 Nbd7 8. O-O
e5 9. a5 Re8 10. dxe5 Nxe5 11. Nxe5 dxe5 12. h3 Be6 13. Qe2 Nh5 14. Rfd1 Qc7 15.
Qf3 Nf4 16. Bf1 h6 17. Kh2 Kh7 18. g3 Nh5 19. Bc5 b6 20. Bd6 Qb7 21. a6 Qc8 22.
Qe3 Rd8 23. Rd2 Rd7 1-0

[Event "World Blitz Women 2025"]
[Site "Doha QAT"]
[Date "2025.12.29"]
[Round "8.41"]
[White "Dzagnidze, Nana"]
[Black "Fataliyeva, Ulviyya"]
[Result "1-0"]
[WhiteTitle "GM"]
[BlackTitle "IM"]
[WhiteElo "2469"]
[BlackElo "2434"]
[WhiteFideId "13601903"]
[BlackFideId "13403052"]
[EventDate "2025.12.29"]

1. d4 d5 2. c4 e6 3. Nc3 Be7 4. cxd5 exd5 5. Bf4 c6 6. Qc2 Nf6 7. e3 Nh5 8. Bg3
Nd7 9. Bd3 Nxg3 10. hxg3 h6 11. g4 Nf8 12. f3 Bh4+ 13. Kd2 Be6 14. Nge2 Qe7 15.
b4 Bf6 16. Rab1 Rc8 17. Nf4 Nd7 18. Nxe6 fxe6 19. Bg6+ Kd8 20. f4 Nb6 21. Bd3
Kc7 22. a4 Kb8 23. a5 Nd7 24. Na4 g5 25. g3 gxf4 26. gxf4 Rhg8 27. Be2 Bg7 28.
Nc5 Nf6 29. b5 cxb5 30. Rxb5 Ne4+ 31. Ke1 Nxc5 32. dxc5 a6 33. Rb6 Rxc5 34. Qb1
Bc3+ 35. Kf2 Bxa5 36. Rxa6 Qc7 37. Rxe6 d4 38. Qe4 dxe3+ 39. Kf3 Rf8 40. Re7 Qc6
41. Rxh6 Qxe4+ 42. Rxe4 Bd2 43. f5 Rc6 44. Rh7 Rb6 45. Ree7 Rb1 46. Bd3 Rd8 47.
Bxb1 1-0

[Event "World Blitz Women 2025"]
[Site "Doha QAT"]
[Date "2025.12.29"]
[Round "8.42"]
[White "Khotenashvili, Bella"]
[Black "Preobrazhenskaya, Diana"]
[Result "1-0"]
[WhiteTitle "GM"]
[BlackTitle "WFM"]
[WhiteElo "2426"]
[BlackElo "2131"]
[WhiteFideId "13602640"]
[BlackFideId "34270566"]
[EventDate "2025.12.29"]

1. Nf3 Nf6 2. g3 g6 3. Bg2 Bg7 4. O-O O-O 5. c4 d6 6. Nc3 e5 7. d3 Nbd7 8. Rb1
a5 9. a3 Ra6 10. b4 b6 11. Nd2 Ne8 12. Nb3 axb4 13. axb4 f5 14. Nd5 Kh8 15. b5
Ra7 16. Nb4 Nb8 17. Bb2 Bb7 18. Nc6 Nxc6 19. bxc6 Bc8 20. f4 exf4 21. gxf4 Bxb2
22. Rxb2 Nf6 23. Qd2 Qe7 24. e3 Ng4 25. Re1 Re8 26. Nd4 Qh4 27. h3 Nf6 28. Qf2
Qh6 29. Nb5 Ra5 30. Nxc7 Re7 31. Nd5 Nxd5 32. cxd5 b5 33. Qd2 Rea7 34. Qc3+ Kg8
35. Qf6 Qf8 36. Qxf8+ Kxf8 37. Reb1 Ba6 38. e4 Re7 39. Re1 Ra3 40. e5 Rxd3 41.
Ra1 Bc8 42. exd6 Rg7 43. Ra8 Rd1+ 44. Kh2 Kf7 45. Rxc8 Kf6 46. d7 1-0

[Event "World Blitz Women 2025"]
[Site "Doha QAT"]
[Date "2025.12.29"]
[Round "8.43"]
[White "Lyutsinger, Iren"]
[Black "Vantika, Agrawal"]
[Result "1/2-1/2"]
[WhiteTitle "FM"]
[BlackTitle "IM"]
[WhiteElo "2169"]
[BlackElo "2369"]
[WhiteFideId "34425969"]
[BlackFideId "25050389"]
[EventDate "2025.12.29"]

1. e4 c5 2. Nf3 d6 3. Nc3 a6 4. d4 cxd4 5. Qxd4 Nc6 6. Qd3 Bg4 7. Be2 Bxf3 8.
Bxf3 Nf6 9. Bg5 e6 10. O-O-O Be7 11. Bxf6 Bxf6 12. Qxd6 Bxc3 13. Qxd8+ Rxd8 14.
Rxd8+ Kxd8 15. bxc3 Ke7 16. Be2 Rc8 17. f4 Na5 18. Kd2 Nc4+ 19. Bxc4 Rxc4 20.
Kd3 Ra4 21. c4 Ra3+ 22. Kd4 Rxa2 23. Rb1 b5 24. cxb5 axb5 25. Kd3 Ra3+ 26. c3
Ra5 27. Rb2 Kd6 28. g4 Kc5 29. e5 Ra1 30. Rd2 Rf1 31. Ke3 Rg1 32. Rd7 Rxg4 33.
Rxf7 Rg2 34. Re7 Kd5 35. Rb7 Kc5 36. Ke4 Re2+ 37. Kd3 Rxh2 38. Rxg7 Kd5 39. Rd7+
Kc5 40. Rc7+ Kd5 41. Rb7 Rh3+ 42. Kd2 Kc6 43. Re7 Kd5 44. Rb7 Kc6 45. Re7 Kd5
46. Rb7 Kc6 47. Re7 1/2-1/2

[Event "World Blitz Women 2025"]
[Site "Doha QAT"]
[Date "2025.12.29"]
[Round "8.44"]
[White "Kairbekova, Amina"]
[Black "Bayasgalan, Khishigbaatar"]
[Result "0-1"]
[WhiteTitle "WGM"]
[BlackTitle "WCM"]
[WhiteElo "2353"]
[BlackElo "2249"]
[WhiteFideId "13712799"]
[BlackFideId "4904311"]
[EventDate "2025.12.29"]

1. e4 c5 2. Nf3 d6 3. Nc3 Nf6 4. d4 cxd4 5. Nxd4 a6 6. Be3 e5 7. Nb3 Be6 8. f3
Be7 9. Qd2 Nbd7 10. g4 h6 11. O-O-O Qc7 12. h4 b5 13. Be2 Nb6 14. g5 Nh5 15. f4
Ng3 0-1

[Event "World Blitz Women 2025"]
[Site "Doha QAT"]
[Date "2025.12.29"]
[Round "8.45"]
[White "Chen, Yining"]
[Black "Krasteva, Beloslava"]
[Result "1-0"]
[WhiteTitle "FM"]
[BlackTitle "FM"]
[WhiteElo "2278"]
[BlackElo "2339"]
[WhiteFideId "8620946"]
[BlackFideId "2922029"]
[EventDate "2025.12.29"]

1. d4 d6 2. Nf3 Nf6 3. c4 g6 4. Nc3 Bf5 5. g3 Bg7 6. Bg2 Ne4 7. Qb3 Nxc3 8. Qxc3
Be4 9. Be3 O-O 10. O-O c5 11. Qd2 Nc6 12. d5 Bxf3 13. Bxf3 Ne5 14. Qc2 Nxf3+ 15.
exf3 a6 16. a4 b5 17. axb5 axb5 18. cxb5 Qb6 19. Rxa8 Rxa8 20. b4 Qxb5 21. bxc5
Rc8 22. Qe4 dxc5 23. Qxe7 Bf8 24. Qe5 Bg7 25. Qe4 Re8 26. Qc2 c4 27. Rd1 c3 28.
d6 Rd8 29. Kg2 Qb2 30. Qd3 Rd7 31. Qe4 Qb8 32. Qc6 Qe8 33. Bd4 Bxd4 34. Rxd4 Qd8
35. Re4 c2 36. Qxc2 Rxd6 37. Qe2 Qf6 38. h4 h5 39. Qe3 Kg7 40. Re8 Rc6 41. Qa3
Qd6 42. Qb2+ Qf6 43. Qb8 Rc3 44. Qb7 Rc2 45. Qe4 Qb6 1-0

[Event "World Blitz Women 2025"]
[Site "Doha QAT"]
[Date "2025.12.29"]
[Round "8.46"]
[White "Gaboyan, Susanna"]
[Black "Krush, Irina"]
[Result "1-0"]
[WhiteTitle "WIM"]
[BlackTitle "GM"]
[WhiteElo "2182"]
[BlackElo "2402"]
[WhiteFideId "13303627"]
[BlackFideId "2012782"]
[EventDate "2025.12.29"]

1. Nf3 c5 2. g3 Nc6 3. d4 cxd4 4. Nxd4 g6 5. Bg2 Bg7 6. Nb3 h5 7. h3 d6 8. Nc3
Bxc3+ 9. bxc3 Nf6 10. c4 Qc7 11. O-O Ne5 12. Bg5 Nh7 13. Bf4 Nxc4 14. Nd4 O-O
15. Bh6 Re8 16. Nb5 Qc5 17. a4 Nf6 18. Qd3 Bf5 19. e4 Bd7 20. Rfb1 Bc6 21. Nd4
Ne5 22. Qe3 Neg4 23. hxg4 Nxg4 24. Qd2 Nxh6 25. Nxc6 Ng4 26. Nd4 b6 27. Rb3 Rac8
28. Rab1 Qc4 29. Bf1 Qc5 30. Rb5 Qc3 31. Qxc3 Rxc3 32. R1b3 Rc5 33. Rxc5 dxc5
34. Nb5 Rd8 35. Rd3 Ra8 36. Rd7 a6 1-0

[Event "World Blitz Women 2025"]
[Site "Doha QAT"]
[Date "2025.12.29"]
[Round "8.47"]
[White "Parnali, S Dharia"]
[Black "Khamdamova, Afruza"]
[Result "0-1"]
[WhiteTitle "WIM"]
[BlackTitle "WGM"]
[WhiteElo "2150"]
[BlackElo "2403"]
[WhiteFideId "5043131"]
[BlackFideId "14210444"]
[EventDate "2025.12.29"]

1. d4 d5 2. c4 e6 3. Nf3 Nf6 4. g3 Nc6 5. Bg2 Bd6 6. Nc3 O-O 7. O-O dxc4 8. Qa4
Nb4 9. Ne5 c6 10. Nxc4 b5 11. Nxb5 cxb5 12. Qxb5 Rb8 13. Qg5 Be7 14. Qf4 Ba6 15.
Ne5 Bxe2 16. Re1 Nd3 17. Nxd3 Bxd3 18. Qf3 Bg6 19. h4 Qxd4 20. Bf4 Rbc8 21. Be5
Qd3 22. Qb7 Bc5 23. b4 Bb6 24. Rad1 Qf5 25. Bf4 Ng4 26. Rf1 e5 27. Bh3 exf4 28.
Qf3 h5 29. Rd5 Qe4 30. Qxe4 Bxe4 31. Rxh5 Nxf2 32. Rxf2 fxg3 0-1

[Event "World Blitz Women 2025"]
[Site "Doha QAT"]
[Date "2025.12.29"]
[Round "8.48"]
[White "Sawan, Eman"]
[Black "Rakshitta, Ravi"]
[Result "0-1"]
[WhiteTitle "WFM"]
[BlackTitle "WGM"]
[WhiteElo "1960"]
[BlackElo "2381"]
[WhiteFideId "11511729"]
[BlackFideId "25073230"]
[EventDate "2025.12.29"]

1. e4 e5 2. Nf3 Nc6 3. Bc4 Bc5 4. c3 Nf6 5. d4 exd4 6. e5 d5 7. Bb5 Ne4 8. cxd4
Bb6 9. Be3 O-O 10. Nc3 f5 11. exf6 Nxf6 12. h3 Qd6 13. O-O Bf5 14. Bd3 Bxd3 15.
Qxd3 Rae8 16. Rfe1 Ne4 17. Qb5 Nxc3 18. bxc3 a6 19. Qd3 h6 20. Bd2 Qf6 21. Re3
Rxe3 22. Qxe3 Qg6 23. Re1 Kh7 24. Kh2 Rf7 25. Qe6 Qxe6 26. Rxe6 Re7 27. Rxe7
Nxe7 28. Ne5 c6 29. f4 Bc7 30. Nd3 Bd6 31. g4 Ng8 32. Kg2 Nf6 33. Nf2 g6 34. Kf3
Kg7 35. h4 h5 36. g5 Ng8 37. Nd3 Ne7 38. Be1 b5 39. Nc1 a5 40. Ne2 Nf5 41. Nc1
a4 42. Nd3 Kf7 43. Nc1 Ke6 44. Nd3 Kd7 45. Bf2 Ke7 46. Ke2 Ke6 47. Kf3 Ne7 48.
Ke2 Nc8 49. Kf3 Nb6 50. Nb2 Nc8 51. Be3 Kf5 52. Nd3 Nb6 53. Nb2 Na8 54. Nd3 Nc7
55. Nb2 Ne6 56. Nd3 Nd8 57. Bd2 Nb7 58. Be3 Bc7 59. Bd2 Bd6 60. Be3 Na5 61. Nb2
Bc7 62. Nd3 Nb7 63. Nb4 Nd8 64. Bd2 Bd6 65. Nd3 Ne6 66. Be3 Nf8 67. Bd2 Nd7 68.
Be3 Ke6 69. Bd2 Nb6 70. Nb2 Nc8 71. Be3 Bc7 72. Bd2 Nd6 73. Be3 Ne4 74. Nd1 Ba5
75. Nb2 Nxc3 76. Nd3 Nxa2 77. Nc5+ Kf7 78. Bc1 0-1

[Event "World Blitz Women 2025"]
[Site "Doha QAT"]
[Date "2025.12.29"]
[Round "8.49"]
[White "Mammadova, Gulnar"]
[Black "Ismayil, Malak"]
[Result "1-0"]
[WhiteTitle "IM"]
[BlackTitle "WIM"]
[WhiteElo "2330"]
[BlackElo "2138"]
[WhiteFideId "13403508"]
[BlackFideId "13412604"]
[EventDate "2025.12.29"]

1. e4 e5 2. Nf3 Nc6 3. Bc4 Bc5 4. c3 Nf6 5. d3 d6 6. a4 a6 7. Nbd2 O-O 8. h3 Kh8
9. Nf1 h6 10. Ng3 Nh7 11. O-O Be6 12. Bb3 Bb6 13. Bc2 d5 14. exd5 Qxd5 15. Be3
Rad8 16. Bxb6 cxb6 17. Qe2 Rfe8 18. Rad1 Nf6 19. Rfe1 Bc8 20. Ne4 Qe6 21. Nxf6
Qxf6 22. d4 e4 23. Nd2 Qg6 24. f3 Bxh3 25. fxe4 Bg4 26. Nf3 Qh5 27. e5 Ne7 28.
Kf2 Bxf3 29. Qxf3 Qxf3+ 30. gxf3 Nd5 31. Be4 Re7 32. c4 Nf4 33. Rh1 Kg8 34. Ke3
Ne6 35. f4 Rc7 36. b3 b5 37. axb5 axb5 38. c5 b6 39. b4 bxc5 40. bxc5 b4 41. f5
Ng5 42. Bg2 b3 43. Rd3 Rb8 44. Rb1 b2 45. Rd2 Ra7 46. Rdxb2 Ra3+ 47. Kf4 Rxb2
48. Rxb2 Rd3 49. Rb8+ Kh7 50. Rd8 g6 51. fxg6+ fxg6 52. Rd7+ Kh8 53. c6 Ne6+ 54.
Ke4 Rc3 55. d5 Ng5+ 56. Kd4 Rc2 57. c7 1-0

[Event "World Blitz Women 2025"]
[Site "Doha QAT"]
[Date "2025.12.29"]
[Round "8.50"]
[White "Gaal, Zsoka"]
[Black "Dimitrijevic, Aleksandra"]
[Result "1-0"]
[WhiteTitle "IM"]
[BlackTitle "WGM"]
[WhiteElo "2374"]
[BlackElo "2063"]
[WhiteFideId "777765"]
[BlackFideId "929239"]
[EventDate "2025.12.29"]

1. d4 Nf6 2. c4 g6 3. Nc3 d5 4. e3 Bg7 5. Qb3 dxc4 6. Bxc4 O-O 7. Nf3 b6 8. O-O
Nc6 9. Qc2 Bb7 10. Rd1 e6 11. e4 Qe7 12. Bg5 h6 13. Bh4 g5 14. Bg3 Nb4 15. Qe2
Nh5 16. a3 Nxg3 17. hxg3 Nc6 18. Rac1 a6 19. Ba2 Rad8 20. d5 Ne5 21. Nxe5 Bxe5
22. dxe6 fxe6 23. Qg4 Bc8 24. Qh5 Qf6 25. f3 Bxg3 26. e5 Bxe5 27. Ne4 1-0

[Event "World Blitz Women 2025"]
[Site "Doha QAT"]
[Date "2025.12.29"]
[Round "8.51"]
[White "Nandhidhaa, P V"]
[Black "Nordahl, Christine"]
[Result "1-0"]
[WhiteTitle "WGM"]
[WhiteElo "2257"]
[BlackElo "1835"]
[WhiteFideId "5050847"]
[BlackFideId "1557939"]
[EventDate "2025.12.29"]

1. e4 c5 2. Nc3 Nc6 3. Nf3 g6 4. Bb5 Bg7 5. Bxc6 dxc6 6. d3 e5 7. Be3 b6 8. h3
Qc7 9. Qd2 Be6 10. O-O h5 11. Ng5 Bc8 12. f4 Ne7 13. fxe5 O-O 14. e6 Bxe6 15.
Nxe6 fxe6 16. Bf4 Qd7 17. Bh6 Qd4+ 18. Kh1 Rf7 19. Rxf7 Kxf7 20. Rf1+ Kg8 21.
Qg5 Qe5 22. Qxe7 Bxh6 23. Qf7+ Kh8 24. Qxg6 Bg7 25. Ne2 Rf8 26. Rxf8+ Bxf8 27.
Ng3 h4 28. Qh5+ Qxh5 29. Nxh5 Kg8 30. Kg1 Kf7 31. Kf2 Bd6 32. Kf3 Kg6 33. Kg4
Be7 34. Nf4+ Kf7 35. Ne2 Kg6 36. Ng1 Bf6 37. b3 b5 38. Nf3 c4 39. Nxh4+ Kh6 40.
bxc4 bxc4 41. Nf3 cxd3 42. cxd3 c5 43. Kf4 Kg6 44. g4 Bg7 45. h4 Bc3 46. h5+ Kh7
47. g5 Kg8 48. Kg4 Kh7 49. h6 Bb2 50. Kh5 Bh8 51. g6+ Kg8 52. Ng5 e5 53. Ne6 c4
54. dxc4 a5 55. h7# 1-0

[Event "World Blitz Women 2025"]
[Site "Doha QAT"]
[Date "2025.12.29"]
[Round "8.52"]
[White "Mamedjarova, Zeinab"]
[Black "Karimova, Guldona"]
[Result "1-0"]
[WhiteTitle "WGM"]
[BlackTitle "WIM"]
[WhiteElo "2155"]
[BlackElo "2288"]
[WhiteFideId "13401521"]
[BlackFideId "14210410"]
[EventDate "2025.12.29"]

1. d4 Nf6 2. Nf3 e6 3. Bf4 c5 4. e3 Nc6 5. c3 h6 6. Be2 Nh5 7. Bg3 Nxg3 8. hxg3
Be7 9. O-O d5 10. Nbd2 O-O 11. Bd3 Qd6 12. Qe2 e5 13. dxe5 Nxe5 14. Nxe5 Qxe5
15. e4 dxe4 16. Bxe4 f5 17. f4 Qe6 18. Bd3 Qxe2 19. Bxe2 Be6 20. Rfe1 Rad8 21.
Nf3 Bf6 22. Bd1 Bd5 23. Ne5 Rfe8 24. Bh5 Re7 25. Rad1 Bxe5 26. Rxe5 Rxe5 27.
fxe5 Rd7 28. Bf3 Bc6 29. Rxd7 Bxd7 30. Bxb7 Be6 31. b3 a5 32. Kf2 Kf7 33. c4 g5
34. Ke3 Bd7 35. Bd5+ Ke7 36. Kd3 Be8 37. Kc3 Bh5 38. a3 Be2 39. b4 axb4+ 40.
axb4 cxb4+ 41. Kxb4 h5 42. c5 h4 43. gxh4 gxh4 44. c6 f4 45. Kc5 h3 46. gxh3 f3
47. h4 f2 48. Bg2 f1=Q 49. Bxf1 Bxf1 50. h5 Ke6 51. h6 Bd3 52. Kb6 Kxe5 53. c7
Bf5 54. h7 1-0

[Event "World Blitz Women 2025"]
[Site "Doha QAT"]
[Date "2025.12.29"]
[Round "8.53"]
[White "Yakubbaeva, Nilufar"]
[Black "Lesbekova, Assel"]
[Result "0-1"]
[WhiteTitle "WGM"]
[BlackTitle "WCM"]
[WhiteElo "2229"]
[BlackElo "1948"]
[WhiteFideId "14204487"]
[BlackFideId "13713248"]
[EventDate "2025.12.29"]

1. Nf3 f5 2. c4 d6 3. g3 e5 4. d3 g6 5. Bg2 Bg7 6. Nc3 Ne7 7. O-O Nbc6 8. Rb1 a5
9. Nd2 Be6 10. a3 d5 11. cxd5 Nxd5 12. Qb3 Nd4 13. Qxb7 Rb8 14. Qa6 Ra8 15.
Qxe6+ Nxe6 16. Bxd5 Ng5 17. Bc6+ Ke7 18. Bxa8 Qxa8 19. h4 Ne6 20. b4 e4 21. Bb2
Rd8 22. Nc4 exd3 23. exd3 Nd4 24. Rfe1+ Kf8 25. Nd2 Nc2 26. Rec1 Nd4 27. Re1 Nc2
28. Rec1 Nd4 29. Re1 Bh6 30. f4 Nf3+ 31. Nxf3 Qxf3 32. Ne2 Rxd3 33. Be5 Qe3+ 34.
Kf1 Qe4 35. Kg1 Rf3 36. Bd4 Bg7 37. Rbd1 Bxd4+ 38. Rxd4 Qe3+ 39. Kg2 Qf2+ 40.
Kh3 Qxe1 41. Ng1 0-1

[Event "World Blitz Women 2025"]
[Site "Doha QAT"]
[Date "2025.12.29"]
[Round "8.54"]
[White "Li, Xueyi"]
[Black "Mkrtchian, Lilit"]
[Result "0-1"]
[WhiteTitle "WGM"]
[BlackTitle "IM"]
[WhiteElo "2202"]
[BlackElo "2366"]
[WhiteFideId "8605912"]
[BlackFideId "13300601"]
[EventDate "2025.12.29"]

1. d4 Nf6 2. c4 e6 3. Nf3 b6 4. Bf4 Bb7 5. a3 Be7 6. e3 Nh5 7. Bg3 d6 8. Nc3 Nd7
9. Nd2 Nxg3 10. hxg3 g6 11. Qc2 c5 12. d5 e5 13. Bd3 a6 14. Nf3 Qc7 15. O-O O-O
16. g4 Kg7 17. e4 Nf6 18. g5 Nh5 19. g3 Bc8 20. Kg2 Bg4 21. Be2 Qd7 22. Rh1 f6
23. Qd1 f5 24. Rh4 Bxf3+ 25. Bxf3 Bxg5 26. Rh2 Nf6 27. Qe2 f4 28. Rah1 h5 29. g4
hxg4 30. Bxg4 Qxg4+ 31. Qxg4 Nxg4 32. Rh7+ Kf6 33. Rd7 Rad8 34. Rb7 Rh8 35. Rxh8
Rxh8 36. Rxb6 Ke7 37. Rb7+ Kf6 38. Rd7 Rh2+ 39. Kf3 Nxf2 40. Rxd6+ Kg7 41. Rd7+
Kh6 42. d6 Nd3 43. Nd5 Rh3+ 44. Kg2 Rg3+ 45. Kf1 Rf3+ 46. Ke2 Rg3 47. Ne7 Kh5
48. Ng8 Nxb2 49. Rh7+ Kg4 50. d7 Rd3 51. Nf6+ 0-1